<?xml version="1.0" encoding="UTF-8"?>
<record
    xmlns:xsi="http://www.w3.org/2001/XMLSchema-instance"
    xsi:schemaLocation="http://www.loc.gov/MARC21/slim http://www.loc.gov/standards/marcxml/schema/MARC21slim.xsd"
    xmlns="http://www.loc.gov/MARC21/slim">

  <leader>03067nam a22003017a 4500</leader>
  <controlfield tag="003">NALT</controlfield>
  <controlfield tag="005">20250128113823.0</controlfield>
  <controlfield tag="008">230503b        th ||||| |||| 00| 0 tha d</controlfield>
  <datafield tag="020" ind1=" " ind2=" ">
    <subfield code="a">9786160838882</subfield>
  </datafield>
  <datafield tag="040" ind1=" " ind2=" ">
    <subfield code="a">NALT</subfield>
  </datafield>
  <datafield tag="050" ind1=" " ind2=" ">
    <subfield code="a">T 55.85</subfield>
    <subfield code="b">&#xE04;335&#xE17; 2563</subfield>
  </datafield>
  <datafield tag="100" ind1="1" ind2=" ">
    <subfield code="9">60889</subfield>
    <subfield code="a">&#xE04;&#xE32;&#xE2B;&#xE4C;&#xE19;&#xE35;&#xE22;&#xE4C;, &#xE25;&#xE35;&#xE41;&#xE2D;&#xE19;&#xE40;&#xE14;&#xE2D;&#xE23;&#xE4C;</subfield>
  </datafield>
  <datafield tag="245" ind1="1" ind2="0">
    <subfield code="a">Tim Cook &#xE2D;&#xE31;&#xE08;&#xE09;&#xE23;&#xE34;&#xE22;&#xE30;&#xE1C;&#xE39;&#xE49;&#xE1E;&#xE32;&#xE41;&#xE2D;&#xE1B;&#xE40;&#xE1B;&#xE34;&#xE25;&#xE2A;&#xE39;&#xE48;&#xE2D;&#xE19;&#xE32;&#xE04;&#xE15;&#xE43;&#xE2B;&#xE21;&#xE48; /</subfield>
    <subfield code="c">&#xE42;&#xE14;&#xE22; Leander Kahney ; &#xE40;&#xE23;&#xE35;&#xE22;&#xE1A;&#xE40;&#xE23;&#xE35;&#xE22;&#xE07;&#xE42;&#xE14;&#xE22; &#xE0A;&#xE31;&#xE0A;&#xE27;&#xE19;&#xE31;&#xE19;&#xE17;&#xE4C; &#xE2A;&#xE31;&#xE19;&#xE18;&#xE34;&#xE40;&#xE14;&#xE0A;.</subfield>
  </datafield>
  <datafield tag="260" ind1=" " ind2=" ">
    <subfield code="a">&#xE01;&#xE23;&#xE38;&#xE07;&#xE40;&#xE17;&#xE1E;&#xE2F; :</subfield>
    <subfield code="b">&#xE0B;&#xE35;&#xE40;&#xE2D;&#xE47;&#xE14;&#xE22;&#xE39;&#xE40;&#xE04;&#xE0A;&#xE31;&#xE48;&#xE19;,</subfield>
    <subfield code="c">2563.</subfield>
  </datafield>
  <datafield tag="300" ind1=" " ind2=" ">
    <subfield code="a">342 &#xE2B;&#xE19;&#xE49;&#xE32; :</subfield>
    <subfield code="c">21 &#xE0B;&#xE21;.</subfield>
  </datafield>
  <datafield tag="505" ind1="0" ind2=" ">
    <subfield code="a">&#xE1A;&#xE17;&#xE19;&#xE33; &#xE2A;&#xE38;&#xE14;&#xE22;&#xE2D;&#xE14; -- &#xE1A;&#xE17;&#xE17;&#xE35;&#xE48; 1 &#xE01;&#xE32;&#xE23;&#xE15;&#xE32;&#xE22;&#xE02;&#xE2D;&#xE07;&#xE2A;&#xE15;&#xE35;&#xE1F; &#xE08;&#xE47;&#xE2D;&#xE1A;&#xE2A;&#xE4C; -- &#xE1A;&#xE17;&#xE17;&#xE35;&#xE48; 2 &#xE21;&#xE38;&#xE21;&#xE21;&#xE2D;&#xE07;&#xE15;&#xE48;&#xE2D;&#xE42;&#xE25;&#xE01;&#xE17;&#xE35;&#xE48;&#xE2B;&#xE25;&#xE48;&#xE2D;&#xE2B;&#xE25;&#xE2D;&#xE21;&#xE08;&#xE32;&#xE01;&#xE20;&#xE32;&#xE04;&#xE43;&#xE15;&#xE49;&#xE2A;&#xE38;&#xE14; &#xE46; -- &#xE1A;&#xE17;&#xE17;&#xE35;&#xE48; 3 &#xE40;&#xE23;&#xE35;&#xE22;&#xE19;&#xE23;&#xE39;&#xE49;&#xE01;&#xE32;&#xE23;&#xE04;&#xE49;&#xE32;&#xE02;&#xE32;&#xE22;&#xE08;&#xE32;&#xE01;&#xE1A;&#xE34;&#xE4A;&#xE01;&#xE1A;&#xE25;&#xE39; (Big Blue) -- &#xE1A;&#xE17;&#xE17;&#xE35;&#xE48; 4 &#xE42;&#xE2D;&#xE01;&#xE32;&#xE2A;&#xE04;&#xE23;&#xE31;&#xE49;&#xE07;&#xE40;&#xE14;&#xE35;&#xE22;&#xE27;&#xE43;&#xE19;&#xE0A;&#xE35;&#xE27;&#xE34;&#xE15;&#xE43;&#xE19;&#xE01;&#xE32;&#xE23;&#xE23;&#xE48;&#xE27;&#xE21;&#xE07;&#xE32;&#xE19;&#xE01;&#xE31;&#xE1A;&#xE1A;&#xE23;&#xE34;&#xE29;&#xE31;&#xE17;&#xE17;&#xE35;&#xE48;&#xE43;&#xE01;&#xE25;&#xE49;&#xE25;&#xE49;&#xE21;&#xE25;&#xE30;&#xE25;&#xE32;&#xE22; -- &#xE1A;&#xE17;&#xE17;&#xE35;&#xE48; 5 &#xE0A;&#xE48;&#xE27;&#xE22;&#xE0A;&#xE35;&#xE27;&#xE34;&#xE15;&#xE41;&#xE2D;&#xE1B;&#xE40;&#xE1B;&#xE34;&#xE25;&#xE14;&#xE49;&#xE27;&#xE22;&#xE01;&#xE32;&#xE23;&#xE08;&#xE49;&#xE32;&#xE07;&#xE04;&#xE19;&#xE19;&#xE2D;&#xE01;&#xE17;&#xE33;&#xE07;&#xE32;&#xE19; -- &#xE1A;&#xE17;&#xE17;&#xE35;&#xE48; 6 &#xE01;&#xE32;&#xE23;&#xE01;&#xE49;&#xE32;&#xE27;&#xE02;&#xE36;&#xE49;&#xE19;&#xE41;&#xE17;&#xE19;&#xE15;&#xE33;&#xE41;&#xE2B;&#xE19;&#xE48;&#xE07;&#xE02;&#xE2D;&#xE07;&#xE2A;&#xE15;&#xE35;&#xE1F; &#xE08;&#xE47;&#xE2D;&#xE1A;&#xE2A;&#xE4C; -- &#xE1A;&#xE17;&#xE17;&#xE35;&#xE48; 7 &#xE2A;&#xE34;&#xE19;&#xE04;&#xE49;&#xE32;&#xE43;&#xE2B;&#xE21;&#xE48;&#xE2A;&#xE38;&#xE14;&#xE2E;&#xE2D;&#xE15;&#xE43;&#xE19;&#xE22;&#xE38;&#xE04;&#xE02;&#xE2D;&#xE07;&#xE04;&#xE38;&#xE01; -- &#xE1A;&#xE17;&#xE17;&#xE35;&#xE48; 8 &#xE41;&#xE2D;&#xE1B;&#xE40;&#xE1B;&#xE34;&#xE25;&#xE40;&#xE1B;&#xE47;&#xE19;&#xE21;&#xE34;&#xE15;&#xE23;&#xE01;&#xE31;&#xE1A;&#xE2A;&#xE34;&#xE48;&#xE07;&#xE41;&#xE27;&#xE14;&#xE25;&#xE49;&#xE2D;&#xE21;&#xE21;&#xE32;&#xE01;&#xE02;&#xE36;&#xE49;&#xE19; -- &#xE1A;&#xE17;&#xE17;&#xE35;&#xE48; 9 &#xE04;&#xE38;&#xE01;&#xE2A;&#xE39;&#xE49;&#xE01;&#xE31;&#xE1A;&#xE1C;&#xE39;&#xE49;&#xE23;&#xE31;&#xE01;&#xE29;&#xE32;&#xE01;&#xE0E;&#xE2B;&#xE21;&#xE32;&#xE22;&#xE41;&#xE25;&#xE30;&#xE0A;&#xE19;&#xE30; -- &#xE1A;&#xE17;&#xE17;&#xE35;&#xE48; 10 &#xE40;&#xE19;&#xE49;&#xE19;&#xE40;&#xE23;&#xE37;&#xE48;&#xE2D;&#xE07;&#xE04;&#xE27;&#xE32;&#xE21;&#xE2B;&#xE25;&#xE32;&#xE01;&#xE2B;&#xE25;&#xE32;&#xE22;&#xE21;&#xE32;&#xE01;&#xE02;&#xE36;&#xE49;&#xE19;&#xE40;&#xE1B;&#xE47;&#xE19;&#xE2A;&#xE2D;&#xE07;&#xE40;&#xE17;&#xE48;&#xE32; -- &#xE1A;&#xE17;&#xE17;&#xE35;&#xE48; 11 &#xE42;&#xE23;&#xE1A;&#xE2D;&#xE15;&#xE04;&#xE32;&#xE23;&#xE4C;&#xE41;&#xE25;&#xE30;&#xE2D;&#xE19;&#xE32;&#xE04;&#xE15;&#xE02;&#xE2D;&#xE07;&#xE41;&#xE2D;&#xE1B;&#xE40;&#xE1B;&#xE34;&#xE25; -- &#xE1A;&#xE17;&#xE17;&#xE35;&#xE48; 12 CEO &#xE17;&#xE35;&#xE48;&#xE14;&#xE35;&#xE17;&#xE35;&#xE48;&#xE2A;&#xE38;&#xE14;&#xE02;&#xE2D;&#xE07;&#xE41;&#xE2D;&#xE1B;&#xE40;&#xE1B;&#xE34;&#xE25;&#xE43;&#xE0A;&#xE48;&#xE2B;&#xE23;&#xE37;&#xE2D;&#xE44;&#xE21;&#xE48;?.</subfield>
  </datafield>
  <datafield tag="610" ind1="2" ind2="4">
    <subfield code="9">17836</subfield>
    <subfield code="a">&#xE1A;&#xE23;&#xE34;&#xE29;&#xE31;&#xE17;&#xE41;&#xE2D;&#xE1B;&#xE40;&#xE1B;&#xE34;&#xE25;&#xE04;&#xE2D;&#xE21;&#xE1E;&#xE34;&#xE27;&#xE40;&#xE15;&#xE2D;&#xE23;&#xE4C;</subfield>
  </datafield>
  <datafield tag="650" ind1=" " ind2="4">
    <subfield code="9">60887</subfield>
    <subfield code="a">&#xE27;&#xE34;&#xE28;&#xE27;&#xE01;&#xE23;&#xE2D;&#xE38;&#xE15;&#xE2A;&#xE32;&#xE2B;&#xE01;&#xE32;&#xE23; </subfield>
    <subfield code="x">&#xE0A;&#xE35;&#xE27;&#xE1B;&#xE23;&#xE30;&#xE27;&#xE31;&#xE15;&#xE34;</subfield>
    <subfield code="z">&#xE2A;&#xE2B;&#xE23;&#xE31;&#xE10;&#xE2D;&#xE40;&#xE21;&#xE23;&#xE34;&#xE01;&#xE32; </subfield>
  </datafield>
  <datafield tag="650" ind1=" " ind2="4">
    <subfield code="9">60888</subfield>
    <subfield code="a">&#xE1C;&#xE39;&#xE49;&#xE1A;&#xE23;&#xE34;&#xE2B;&#xE32;&#xE23;&#xE2A;&#xE39;&#xE07;&#xE2A;&#xE38;&#xE14; </subfield>
    <subfield code="x">&#xE0A;&#xE35;&#xE27;&#xE1B;&#xE23;&#xE30;&#xE27;&#xE31;&#xE15;&#xE34;</subfield>
    <subfield code="z">&#xE2A;&#xE2B;&#xE23;&#xE31;&#xE10;&#xE2D;&#xE40;&#xE21;&#xE23;&#xE34;&#xE01;&#xE32; </subfield>
  </datafield>
  <datafield tag="700" ind1="0" ind2=" ">
    <subfield code="a">&#xE0A;&#xE31;&#xE0A;&#xE27;&#xE19;&#xE31;&#xE19;&#xE17;&#xE4C; &#xE2A;&#xE31;&#xE19;&#xE18;&#xE34;&#xE40;&#xE14;&#xE0A;.</subfield>
    <subfield code="9">16094</subfield>
  </datafield>
  <datafield tag="700" ind1="1" ind2=" ">
    <subfield code="9">31715</subfield>
    <subfield code="a">Kahney, Leander</subfield>
  </datafield>
  <datafield tag="850" ind1=" " ind2=" ">
    <subfield code="a">NALT</subfield>
  </datafield>
  <datafield tag="942" ind1=" " ind2=" ">
    <subfield code="c">GB</subfield>
    <subfield code="2">lcc</subfield>
  </datafield>
  <datafield tag="996" ind1=" " ind2=" ">
    <subfield code="a">chunbijaya.r</subfield>
    <subfield code="b">CATSTF	</subfield>
    <subfield code="c">2023-05-03</subfield>
  </datafield>
  <datafield tag="996" ind1=" " ind2=" ">
    <subfield code="a">jamriang.p</subfield>
    <subfield code="b">CATSTF	</subfield>
    <subfield code="c">2023-05-18</subfield>
  </datafield>
  <datafield tag="999" ind1=" " ind2=" ">
    <subfield code="c">102028</subfield>
    <subfield code="d">102028</subfield>
  </datafield>
  <datafield tag="998" ind1=" " ind2=" ">
    <subfield code="j">1020</subfield>
    <subfield code="k"> &#xE19;&#xE32;&#xE07;&#xE08;&#xE33;&#xE40;&#xE23;&#xE35;&#xE22;&#xE07;  &#xE23;&#xE30;&#xE27;&#xE31;&#xE07;&#xE2A;&#xE33;&#xE42;&#xE23;&#xE07;</subfield>
  </datafield>
  <datafield tag="952" ind1=" " ind2=" ">
    <subfield code="0">0</subfield>
    <subfield code="1">0</subfield>
    <subfield code="2">local</subfield>
    <subfield code="4">0</subfield>
    <subfield code="7">0</subfield>
    <subfield code="8">CGBL</subfield>
    <subfield code="a">NALT</subfield>
    <subfield code="b">NALT</subfield>
    <subfield code="c">GEN</subfield>
    <subfield code="d">2023-05-03</subfield>
    <subfield code="o">T 55.85 &#xE04;335&#xE17; 2563</subfield>
    <subfield code="p">3961223024</subfield>
    <subfield code="r">2025-09-05 00:00:00</subfield>
    <subfield code="w">2023-05-03</subfield>
    <subfield code="y">GB</subfield>
  </datafield>
</record>
